Schalke 04 Scorers in 2010s Champions League - Statistics

General Stats
  • This quiz has been taken 171 times
  • The average score is 14 of 28
Answer Stats
Player Nation Gls % Correct
Klaas-Jan Huntelaar Netherlands 13
100%
Raúl Spain 5
92%
Jefferson Farfán Peru 5
91%
Julian Draxler Germany 4
76%
Nabil Bentaleb Algeria 3
73%
Benedikt Höwedes Germany 5
65%
Max Meyer Germany 1
65%
Atsuto Uchida Japan 1
64%
Weston McKennie USA 1
64%
Joël Matip Cameroon 2
62%
Leroy Sané Germany 1
58%
Eric Maxim Choupo-Moting Cameroon 1
56%
Guido Burgstaller Austria 1
56%
Christian Fuchs Austria 2
54%
José Manuel Jurado Spain 3
52%
Roman Neustädter Russia 1
51%
Breel Embolo Switzerland 1
49%
Jermaine Jones USA 1
48%
Kevin-Prince Boateng Ghana 1
46%
Alessandro Schöpf Austria 1
43%
Edu Brazil 2
40%
Chinedu Obasi Nigeria 1
29%
Michel Bastos Brazil 1
21%
Mark Uth Germany 1
18%
Ibrahim Afellay Netherlands 1
15%
Mario Gavranović Switzerland 1
11%
Dennis Aogo Germany 1
10%
Tim Hoogland Germany 1
4%
No matching quizzes found
Score Distribution
Percent of People with Each Score
Percentile by Number Answered
Your Score History
You have not taken this quiz